McCann v United Kingdom (Record no. 80262)

MARC details
000 -LEADER
fixed length control field 02048cad a22002415a 4500
001 - CONTROL NUMBER
control field L143762
008 - FIXED-LENGTH DATA ELEMENTS--GENERAL INFORMATION
fixed length control field 080529e20080513xxk f 000 0 eng d
035 ## - SYSTEM CONTROL NUMBER
System control number (Sirsi) u143762
041 0# - LANGUAGE CODE
Language code of text/sound track or separate title eng
245 00 - TITLE STATEMENT
Title McCann v United Kingdom
Remainder of title Application no. 19009/04
Medium [electronic resource]
260 ## - PUBLICATION, DISTRIBUTION, ETC.
Date of publication, distribution, etc. 2008
520 ## - SUMMARY, ETC.
Summary, etc. [2008] PLSCS 143; [2008] 20 EG 136(CS), 13 May 2008. Considered whether Article 8 of the European Convention on Human Rights was defence against eviction from a council house which was no longer the occupant's legitimate home. The claimant (M), his wife and family were secure council tenants. M's wife and children were rehoused by Birmingham City Council in accordance with their domestic violence policy. The property stood empty for a time, after which M returned and used it as his residence. When the Council became aware of this they persuaded M's wife to sign a notice to quit. Possession proceedings were brought. M argued that the property was his home within Article 8's meaning, a claim the Court of Appeal refuted. M complained to the European Court of Human Rights that his right to private home life had been infringed. "Held": The house was M's home, even though this was not his right within the UK's public housing system. Persuading M's wife to sign a common law notice to quit did not respect M's right to his home. The statutory housing scheme had not been followed, which would have been in accordance with M's rights. Appeal allowed.
590 ## - LOCAL NOTE (RLIN)
Local note KA
650 24 - SUBJECT ADDED ENTRY--TOPICAL TERM
Topical term or geographic name entry element MCCANN V UNITED KINGDOM
650 24 - SUBJECT ADDED ENTRY--TOPICAL TERM
Topical term or geographic name entry element BIRMINGHAM CC V MCCANN
650 24 - SUBJECT ADDED ENTRY--TOPICAL TERM
Topical term or geographic name entry element CONNORS V UNITED KINGDOM
650 24 - SUBJECT ADDED ENTRY--TOPICAL TERM
Topical term or geographic name entry element HARROW LBC V QAZI
650 24 - SUBJECT ADDED ENTRY--TOPICAL TERM
Topical term or geographic name entry element KAY V LAMBETH LBC
651 #4 - SUBJECT ADDED ENTRY--GEOGRAPHIC NAME
Geographic name Europe
690 ## - LOCAL SUBJECT ADDED ENTRY--TOPICAL TERM (OCLC, RLIN)
Topical term or geographic name as entry element PROPERTY-RESIDENTIAL PROPERTY-RESIDENTIAL LANDLORD AND TENANT-RESIDENTIAL TENANCIES
856 40 - ELECTRONIC LOCATION AND ACCESS
Uniform Resource Identifier <a href="https://cmiskp.echr.coe.int/tkp197/view.asp?action=html&documentId=835163&portal=hbkm&source=externalbydocnumber&table=F69A27FD8FB86142BF01C1166DEA398649">https://cmiskp.echr.coe.int/tkp197/view.asp?action=html&documentId=835163&portal=hbkm&source=externalbydocnumber&table=F69A27FD8FB86142BF01C1166DEA398649</a>
Public note View the judgment free of charge at http://smiskp.echr.coe.int...
942 ## - ADDED ENTRY ELEMENTS (KOHA)
Suppress in OPAC 0
Holdings
Withdrawn status Lost status Source of classification or shelving scheme Damaged status Not for loan Home library Current library Shelving location Date acquired Total Checkouts Full call number Barcode Date last seen Copy number Price effective from Koha item type
    Dewey Decimal Classification     Virtual Virtual Online 29/05/2008   ONLINE PUBLICATION 143762-1001 06/08/2019 1 06/08/2019 Law report